000
00300nam a22001337a 4500
008
180315b xxu||||| |||| 00| 0 eng d
020
_a
9780394374215
041
_a
eng
080
_2
3rd
_a
070
100
_a
40
101
_a
MED
245
_a
The art of public speaking
_c
Lucas,S.E
942
_2
udc
_c
BK
999
_c
45112
_d
45112